000 00687nam a2200265 a 4500
003 AR-BaBNM
005 20251128203218.0
008 082120s2002 ||||||||||||||000 | spa||
040 _cAR-BaBNM
100 1 _aAzcuy, Eduardo A.
245 0 0 _aArquetipos y símbolos celestes
260 _aBuenos Aires
_bGarcía Cambeiro
_c1976
300 _a172 p.
_bil. láms.
490 0 _aEstudios latinoamericanos
650 4 _aTRADICIONES
650 4 _aCREENCIA
650 4 _aSUPERSTICION
650 4 _aEXPERIENCIA RELIGIOSA
650 4 _aCOSTUMBRES
650 4 _aCULTURAS POPULARES
650 4 _aMITOLOGIA
800 1 _aMaturo, Graciela
_edirector
942 _cBK
998 _cmariana
999 _c2416
_d2416